Loading...
| Religion | 0 | 3 | 0 | 0 | 30 | 28 | 69.67 | 1 | 1 | 11.35 | 13.77 |
| Fine Arts - Classical Music | 0 | 3 | 0 | 1 | 30 | 92 | 100.67 | 0 | 0 | 2.90 | 10.74 |
| Geography | 0 | 3 | 0 | 0 | 30 | 31 | 58.67 | 0 | 1 | 24.73 | 26.39 |
| History - European | 0 | 3 | 2 | 1 | 20 | 32 | 70.00 | 1 | 1 | 9.16 | 12.88 |
| Literature - European | 0 | 2 | 1 | 1 | 15 | 53 | 83.00 | 0 | 0 | 5.94 | 4.55 |
| Current Events | 0 | 2 | 2 | 0 | 10 | 65 | 85.50 | 0 | 0 | 6.40 | 17.17 |
| Fine Arts - Other | 0 | 1 | 0 | 0 | 10 | 37 | 37.00 | 0 | 1 | 6.24 | 7.58 |
| Fine Arts - Painting and Sculpture | 0 | 1 | 0 | 0 | 10 | 36 | 36.00 | 1 | 1 | 6.00 | 6.82 |
| History - Other | 0 | 1 | 0 | 0 | 10 | 41 | 41.00 | 0 | 1 | 5.61 | 7.58 |
| Literature - British | 0 | 1 | 0 | 0 | 10 | 75 | 75.00 | 0 | 1 | 3.21 | 7.58 |
| Mythology | 0 | 1 | 0 | 0 | 10 | 76 | 76.00 | 0 | 0 | 3.08 | 2.27 |
| Popular Culture | 0 | 1 | 0 | 0 | 10 | 49 | 49.00 | 0 | 1 | 9.92 | 12.50 |
| Social Science | 0 | 1 | 0 | 1 | 10 | 113 | 113.00 | 0 | 0 | 0.00 | 1.30 |
| History - World | 0 | 2 | 3 | 0 | 5 | 53 | 61.50 | 1 | 1 | 8.00 | 10.61 |
| Literature - World | 0 | 1 | 2 | 0 | 0 | 74 | 74.00 | 0 | 0 | 3.44 | 4.55 |
| Science - Physics | 0 | 0 | 1 | 0 | -5 | 0.00 | 0 | 0 | 0.00 | 0.00 | |
| History - American | 0 | 0 | 1 | 0 | -5 | 0.00 | 0 | 0 | 0.00 | 0.00 |